Virtuální dějiny historické alternativy

Saved in:
Bibliographic Details
Main Author: Ferguson, Niall
Other Authors: Cechl, Pavel
Format: Book
Language:Czech
Published: Praha Nakladatelství Dokořán 2001
Subjects:
Tags: Add Tag
No Tags, Be the first to tag this record!

MARC

LEADER 00000nam a2200000 4500
001 c141574
005 20221124104908.8
020 |a 80-86569-02-0 
041 0 |a cze 
044 |a CZ 
245 1 0 |a Virtuální dějiny  |b historické alternativy  |c Niall Ferguson a kolektiv ; [preložil: Pavel Cechl ... [et al.]] 
264 1 |a Praha  |b Nakladatelství Dokořán  |c 2001 
300 |a 374 s. 
610 2 0 |a dejiny 
610 2 0 |a vývoj spoločenský 
610 2 0 |a vývoj hospodársky 
610 2 0 |a politika 
610 2 0 |a vojny 
610 2 0 |a revolúcia 
610 2 0 |a fašizmus 
610 2 0 |a komunizmus 
610 2 0 |a politika medzinárodná 
610 2 0 |a politika svetová 
610 2 0 |a konflikty 
610 2 0 |a konflikty medzinárodné 
610 2 0 |a história 
610 2 0 |a svet 
100 1 |a Ferguson, Niall 
700 1 |a Cechl, Pavel